|
|
|
|
| LEADER |
00000nam0a2200000 4500 |
| 001 |
112637 |
| 005 |
20231031121513.0 |
| 035 |
|
|
|a (RuTPU)RU\TPU\book\121791
|
| 090 |
|
|
|a 112637
|
| 100 |
|
|
|a 20070330d2006 k y0rusy50 ca
|
| 101 |
0 |
|
|a rus
|
| 102 |
|
|
|a RU
|
| 105 |
|
|
|a y dm 001zy
|
| 200 |
1 |
|
|a Аксиология информационного взаимодействия
|e автореферат диссертации на соискание ученой степени доктора культурологии
|e спец. 24.00.01
|f Т. В. Чапля
|
| 210 |
|
|
|a Кемерово
|c [Б. и.]
|d 2006
|
| 215 |
|
|
|a 48 с.
|
| 300 |
|
|
|a Защита состоится 15 декабря 2006.
|
| 320 |
|
|
|a Библиогр.: с. 45-48.
|
| 610 |
1 |
|
|a культура
|
| 610 |
1 |
|
|a культурология
|
| 610 |
1 |
|
|a информация
|
| 610 |
1 |
|
|a информационное воздействие
|
| 610 |
1 |
|
|a межкультурные коммуникации
|
| 610 |
1 |
|
|a знаковые системы
|
| 610 |
1 |
|
|a социокультурные коммуникации
|
| 610 |
1 |
|
|a социокультурные ценности
|
| 610 |
1 |
|
|a авторефераты диссертаций
|
| 686 |
|
|
|a Ч114
|v LBC/SL-A
|2 rubbk
|
| 686 |
|
|
|a 24.00.01
|2 oksvnk
|
| 686 |
|
|
|a Ч6
|v LBC/SL-A
|2 rubbk
|
| 700 |
|
1 |
|a Чапля
|b Т. В.
|g Татьяна Витальевна
|
| 801 |
|
1 |
|a RU
|b 63413507
|c 20070330
|g PSBO
|
| 801 |
|
2 |
|a RU
|b 63413507
|c 20070419
|g PSBO
|
| 942 |
|
|
|c BK
|